| 000 | 01064nas a2200337 4500 | ||
|---|---|---|---|
| 001 | BR8502185 | ||
| 003 | BR-BrBNA | ||
| 005 | 20231205090200.0 | ||
| 007 | ta | ||
| 008 | 230509b bl.|||p| |||| 00| 00por d | ||
| 040 |
_aBR-BrBNA _bpor _cBiblioteca Nacional de Agricultura |
||
| 041 | _a(Pt) | ||
| 072 | _aF08; L51 | ||
| 100 | 1 | _aCunha, P.G. da | |
| 100 | 1 | _aAbramides, P.L.G. | |
| 100 | 1 | _aPeres, R.M. | |
| 100 | 1 | _aWerner, J.C. | |
| 100 | 1 | _aFigueiredo, L.A. de | |
| 100 | 1 | _aAlcantara, P.B. | |
| 100 | 1 | _aBraun, G. | |
| 100 | 1 | _aBianchine, D. | |
| 245 | 1 | _aProdutividade de pastagens consorciadas na regiao norte do estado de Sao Paulo, 1: composicao botanica, teores de proteina e digestibilidade in vitro [Brasil] | |
| 650 | _aPASTAGEM CONSORCIADA | ||
| 650 | _aPASTEJO | ||
| 650 | _aCOMPOSICAO QUIMICA | ||
| 650 | _aPROTEINA | ||
| 650 | _aDIGESTIBILIDADE IN VITRO | ||
| 773 | 0 |
_tZootecnia (Brazil) _xISSN 0044-5320 _g(Oct-Dec 1984), v. 22(4) p. 355-381 _wBR8502185 |
|
| 909 |
_a202311 _bLúcia _c55 _dLúcia Elande |
||
| 942 |
_2AGRIS _n0 _cANA |
||
| 999 |
_c116617 _d116617 |
||